00513nam a2200145Ia 4500008004100000082002100041100002400062245002400086260003400110300000900144650006700153942000900220952011900229999001900348211119s9999||||xx |||||||||||||| ||und|| a894.812 1bPAN-K aPanicker, K Ayyappa 0aKerala Kavitha 2008 bCurrent BooksaKottayamc2008 a227p aMalayalam LiteraturevMalayalam PoetryGeneraliaxGeneral Stack cBOOK 00102ddc4070aSBCLbSBCLc2d2021-11-19g95.00o894.8121 PAN-Kp00118284r2021-11-19 00:00:00w2021-11-19yBOOK c104933d104933